Fr. Conceicao Rodrigues College of Engineering

Compiler construction (Record no. 31629)

MARC details
000 -LEADER
fixed length control field 00345nam a2200169Ia 4500
082 ## - DEWEY DECIMAL CLASSIFICATION NUMBER
Classification number 5.453
Item number LOU
100 ## - MAIN ENTRY--PERSONAL NAME
Personal name Louden/Kenneth C
245 ## - TITLE STATEMENT
Title Compiler construction
260 ## - PUBLICATION, DISTRIBUTION, ETC.
Name of publisher, distributor, etc. Cengage Learning
Date of publication, distribution, etc. 1997
366 ## - TRADE AVAILABILITY INFORMATION
Publishers's discount category 20
300 ## - PHYSICAL DESCRIPTION
Extent 582
546 ## - LANGUAGE NOTE
Language note ENGLISH
650 ## - SUBJECT ADDED ENTRY--TOPICAL TERM
Topical term or geographic name entry element Compilers
654 ## - SUBJECT ADDED ENTRY--FACETED TOPICAL TERMS
Focus term compilers
942 ## - ADDED ENTRY ELEMENTS (KOHA)
Koha item type BOOK
Holdings
Withdrawn status Lost status Damaged status Not for loan Collection Home library Current library Date acquired Source of acquisition Cost, normal purchase price Inventory number Total Checkouts Full call number Barcode Date last seen Cost, replacement price Price effective from Koha item type
        CRC Fr. Agnel's C.Rodrigues College of Engineering Fr. Agnel's C.Rodrigues College of Engineering 17/03/2023 Dharma Enterprises 260.00 299 dt 28/04/2009   5.453 LOU 20109 17/03/2023 325.00   BOOK